[Event "BAN-chT"]
[Site "Dhaka"]
[Date "2018.12.16"]
[Round "11.1"]
[White "Shah Alam, Ropan"]
[Black "Mihir Lal, Das"]
[Result "0-1"]
[WhiteElo "1620"]
[BlackElo "2010"]
[PlyCount "72"]
[EventDate "2018.12.06"]
[EventType "team-tourn"]
[EventRounds "11"]
[EventCountry "BAN"]
[SourceTitle "CBM 187 Extra"]
[Source "ChessBase"]
[SourceDate "2018.11.04"]
[SourceVersion "1"]
[SourceVersionDate "2018.11.04"]
[SourceQuality "1"]
[WhiteTeam "Sonargaon CC"]
[BlackTeam "Access"]
[WhiteTeamCountry "BAN"]
[BlackTeamCountry "BAN"]

1. e4 c5 2. Nf3 g6 3. d4 cxd4 4. Nxd4 Nf6 5. Nc3 Nc6 6. Be3 Bg7 7. Be2 0-0 8. 0-0 d5 9. exd5 Nxd5 10. Nxd5 Qxd5 11. Bf3 Qd7 12. Nxc6 bxc6 13. Qxd7 Bxd7 14. c3 Rfb8 15. Rfd1 Be8 16. Rd2 Rb7 17. Rad1 Rab8 18. b3 Bxc3 19. Rd8 Kg7 20. Bxa7 Rxd8 21. Rxd8 Rxa7 22. Rxe8 Rxa2 23. h4 e5 24. Bxc6 Bd4 25. Kh2 Rxf2 26. b4 h5 27. b5 Rf4 28. Kh3 Rf1 29. g3 Rb1 30. Kg2 Rb2+ 31. Kf3 f5 32. g4 hxg4+ 33. Kg3 Bg1 34. h5 g5 35. h6+ Kf7 36. Bg2 Rb3+ 0-1